| 000 | 00000nam##2200000za#4500 |
| 001 | 9.529336 |
| 003 | CaOODSP |
| 005 | 20241203113633 |
| 007 | ta |
| 008 | 150406|1997||||xxc||||| f|0| 0 eng|d |
| 020 | |a0-662-63206-0|z0-662-25926-2 |
| 040 | |aCaOODSP|beng |
| 041 | |aeng |
| 041 | |afre |
| 043 | |an-cn--- |
| 086 | 1 |aEn56-119/1-1997-1 |
| 110 | 1 |aCanada. |bEnvironment Canada. |
| 245 | 10|aCanadian prairies summary |
| 260 | |aOttawa - Ontario : |bEnvironment Canada |c1997. |
| 300 | |aEnglish text, 10p. : |bfig., graphs, illus. ; |c28 cm. |
| 490 | 1 |aCanada country study |
| 546 | |aBilingual. Bilingual |
| 563 | |aSoftcover |
| 590 | |a97-49|b1997-12-05 |
| 690 | 07|aClimate|2gcpds |
| 776 | 0#|tCanadian Prairies summary|w(CaOODSP)9.574595 |
| 776 | 0#|tSommaire des provinces des Prairies|w(CaOODSP)9.604336 |
| 792 | |tSommaire des provinces des prairies|efre|w(CaOODSP)9.529337 |
| 830 | #0|aCanada country study.|w(CaOODSP)9.509288 |
| 986 | |aEn57-33/4-1997 |